000 00343nam a2200157Ia 4500
100 _aThampi/G.T/ Mantha/S.S
650 _aC++
942 _cBK
366 _f25
245 _aObject oriented programming in C++
260 _bDreamtech Press
_c2010
082 _a5.133
_bTHA
300 _a726
546 _aENGLISH
_cPAMPHALETS
999 _c19596
_d19596